Epoxidation of rubber seed oil (Record no. 58724)

MARC details
000 -LEADER
fixed length control field 00371nam a2200145Ia 4500
100 ## - MAIN ENTRY--AUTHOR NAME
Personal name Vijayagopalan K
245 #0 - TITLE STATEMENT
Title Epoxidation of rubber seed oil
260 ## - PUBLICATION, DISTRIBUTION, ETC. (IMPRINT)
Name of publisher Rubber Board Bulletin
Year of publication 1971
300 ## - PHYSICAL DESCRIPTION
Number of Pages 52-54
650 ## - SUBJECT ADDED ENTRY--TOPICAL TERM
Topical Term Oil epoxidation
650 ## - SUBJECT ADDED ENTRY--TOPICAL TERM
Topical Term Rubber seed oil
700 ## - ADDED ENTRY--PERSONAL NAME
Personal name Gopalakrishnan K S
942 ## - ADDED ENTRY ELEMENTS (KOHA)
Koha item type Journals
Holdings
Withdrawn status Lost status Damaged status Not for loan Home library Current library Shelving location Date acquired Serial Enumeration / chronology Koha item type
      Journals RRII Library RRII Library Rubber general 17/12/2021 Volume 11, Issue 2 Journals